000 00664nam a2200229 a 4500
001 13387
003 BD-JhCC
005 20230917093814.0
008 230916b2021 bg |||| ||a| 000 0 ben d
020 _a984839401X
035 _a(BD-JhCC)13387
040 _aBD-JhCC
_dBD-JhCC
041 _abengali
082 _a297.18
_bMOH 2021
100 _aমোহন,ড.ইকবাল কবীর
245 _aআলোর পাখিরা /
_cড.ইকবাল কবীর মোহন।
260 _aঢাকা:
_bশিশুকানন;
_c2021.
300 _a96 p. :
_c22 cm.
650 _aBiography mulim legend
942 _2ddc
_cBK
999 _c13387
_d13387